000
00442nam a2200145Ia 4500
008
100122s9999 xx 000 0 und d
082
_b
63436
_a
824
100
_a
दवणे प्रवीण
245
_a
सावर रे भाग. 3
260
_b
नवचैतन्य प्रकाशन
_c
2003
300
_a
144
630
_a
सावर रे भाग. 3
730
_a
सावर रे भाग. 3
942
_c
BOOK
999
_c
437432
_d
437429